| 000 | 00680nam a2200205Ia 4500 | ||
|---|---|---|---|
| 003 | OSt | ||
| 005 | 20250625155003.0 | ||
| 008 | 210210b1998 xxu||||| |||| 00| 0 eng d | ||
| 040 | _cAL | ||
| 041 | _aKannada | ||
| 082 | _aK894.9 KARK | ||
| 100 |
_aKARNATAKA SAHITYA AKADEMI _dಕರ್ನಾಟಕ ಸಾಹಿತ್ಯ ಅಕಾಡೆಮಿ _9216114 |
||
| 245 |
_aKvanalli Honnappa Maharaja _bಕ್ವಾನಳ್ಳಿ ಹೊನ್ನಪ್ಪ ಮಹಾರಾಜ |
||
| 260 |
_aBengaluru _bKarnataka Sahitya Akademi _c1998 |
||
| 300 | _axvi,42 | ||
| 650 |
_aMuttinahara Bhaskar Ti Em _9216115 |
||
| 690 |
_aKannada Criticism _9216116 |
||
| 906 | _a053500 | ||
| 942 |
_2ddc _cBK |
||
| 999 |
_c101759 _d101759 |
||